Statistics for 中国大陆海岸线市县区 All coastal cities, counties, districts in mainland China

Click here to take the quiz!

General Stats

  • This quiz has been taken 268 times
    (191 since last reset)
  • The average score is 108 of 252

Answer Stats

省级Answer% Correct
辽宁大连市
87%
上海上海市
80%
浙江宁波市
80%
福建福州市
80%
江苏连云区
79%
山东青岛市
78%
河北秦皇岛市
78%
广东深圳市
77%
江苏盐城市
77%
辽宁葫芦岛市
77%
山东威海市
77%
江苏连云港市
77%
福建厦门市
77%
浙江温州市
77%
福建泉州市
76%
江苏南通市
76%
辽宁锦州市
76%
山东烟台市
76%
广东广州市
76%
天津天津市
76%
辽宁中山区
75%
广东中山市
75%
上海浦东新区
74%
河北唐山市
74%
浙江杭州市
74%
广东汕头市
74%
浙江台州市
74%
辽宁丹东市
74%
广西防城区
74%
浙江绍兴市
73%
福建漳州市
73%
山东日照市
73%
广东湛江市
73%
福建莆田市
73%
广东珠海市
73%
香港香港特别行政区
72%
广西防城港市
72%
江苏滨海县
72%
广东汕尾市
72%
浙江嘉兴市
72%
辽宁营口市
72%
天津滨海新区
72%
辽宁盘锦市
71%
山东东营区
71%
河北沧州市
71%
山东东营市
71%
广东潮州市
71%
澳门花地玛堂区(北区)
70%
广东东莞市
70%
广东惠州市
70%
广西北海市
69%
上海崇明区
68%
香港北区
68%
福建宁德市
68%
广东揭阳市
67%
澳门澳门特别行政区
67%
山东潍坊市
66%
广东江门市
65%
澳门大堂区(中区)
64%
山东滨州市
64%
广东阳江市
64%
广西钦州市
63%
广东茂名市
62%
江苏启东市
60%
上海金山区
60%
浙江慈溪市
52%
福建集美区
52%
广东南山区
51%
山东黄岛区
51%
上海奉贤区
50%
广东雷州市
50%
江苏海门区
49%
广东福田区
49%
广东宝安区
49%
浙江海宁市
49%
江苏大丰区
48%
浙江余姚市
48%
广东徐闻县
47%
广东城区
47%
福建晋江市
47%
浙江苍南县
46%
浙江钱塘区
46%
河北山海关区
46%
广东南沙区
46%
广东陆丰市
45%
山东胶州市
45%
广东海丰县
45%
山东市南区
45%
江苏如东县
45%
浙江温岭市
44%
河北曹妃甸区
44%
山东崂山区
44%
辽宁金州区
43%
福建福清市
43%
山东蓬莱区
42%
福建长乐区
42%
辽宁旅顺口区
42%
河北北戴河区
42%
福建翔安区
42%
辽宁鲅鱼圈区
42%
浙江北仑区
42%
山东即墨区
42%
山东市北区
42%
江苏海安市
41%
辽宁普兰店区
41%
浙江象山县
41%
浙江上虞区
41%
广东龙岗区
41%
辽宁东港市
40%
江苏通州区
40%
浙江海盐县
40%
广东盐田区
40%
广东电白区
40%
山东东港区
40%
江苏赣榆区
40%
江苏灌云县
40%
山东乳山市
39%
浙江龙港市
39%
广东惠阳区
39%
辽宁龙港区
39%
河北黄骅市
39%
福建石狮市
39%
浙江镇海区
39%
广东潮阳区
38%
广东香洲区
38%
浙江临海市
38%
浙江平湖市
38%
山东荣成市
38%
福建福鼎市
38%
辽宁瓦房店市
38%
辽宁庄河市
36%
浙江柯桥区
36%
山东李沧区
36%
浙江玉环市
36%
山东城阳区
35%
广东斗门区
35%
山东海阳市
35%
福建同安区
35%
浙江奉化区
35%
山东文登区
35%
浙江瑞安市
35%
浙江宁海县
35%
福建海沧区
34%
江苏射阳县
34%
广东金湾区
34%
浙江乐清市
34%
江苏东台市
34%
福建泉港区
33%
山东莱阳市
33%
江苏响水县
33%
山东芝罘区
33%
山东龙口市
32%
浙江鄞州区
32%
福建连江县
31%
福建霞浦县
31%
广东惠东县
31%
广东饶平县
30%
广东阳西县
30%
广东潮南区
30%
香港元朗区
30%
广东台山市
30%
浙江路桥区
30%
山东莱州市
30%
浙江洞头区
30%
辽宁甘井子区
30%
浙江椒江区
30%
山东垦利区
29%
广东新会区
29%
山东岚山区
29%
浙江三门县
29%
福建南安市
29%
辽宁盖州市
29%
福建仙游县
29%
广东惠来县
28%
河北昌黎县
28%
广东阳东区
28%
福建福安市
28%
福建蕉城区
27%
浙江平阳县
27%
福建马尾区
27%
广东恩平市
26%
广东澄海区
26%
河北海港区
26%
辽宁沙河口区
26%
广东廉江市
25%
山东环翠区
25%
福建龙海区
25%
浙江龙湾区
24%
山东招远市
24%
山东福山区
24%
香港屯门区
24%
福建惠安县
24%
山东寿光市
24%
辽宁绥中县
24%
广东霞山区
24%
广东吴川市
24%
辽宁兴城市
24%
广东江城区
24%
广东赤坎区
23%
广东坡头区
23%
山东河口区
23%
辽宁西岗区
23%
广东麻章区
23%
广西合浦县
23%
广西东兴市
23%
福建诏安县
23%
香港荃湾区
23%
山东牟平区
23%
福建罗源县
23%
广东濠江区
23%
山东莱山区
22%
广东遂溪县
22%
福建云霄县
22%
广西海城区
22%
香港九龙城区
21%
山东寒亭区
21%
河北乐亭县
21%
辽宁大洼区
21%
福建漳浦县
21%
广东龙湖区
21%
福建荔城区
20%
香港大埔区
20%
福建丰泽区
20%
香港西贡区
20%
河北抚宁区
20%
河北滦南县
20%
河北丰南区
20%
辽宁凌海市
20%
香港油尖旺区
20%
福建洛江区
19%
广西钦南区
19%
山东沾化区
19%
山东无棣县
19%
辽宁兴隆台区
18%
广西港口区
18%
山东昌邑市
18%
香港深水埗区
18%
福建秀屿区
18%
福建涵江区
18%
广西铁山港区
17%
福建城厢区
17%
辽宁西市区
16%
香港观塘区
15%
山东广饶县
15%
辽宁太和区
15%
香港葵青区
14%
广西银海区
13%
澳门圣老楞佐堂区(风顺堂区)
10%
澳门圣安多尼堂区(花王堂区)
9%

Score Distribution

Percentile by Number Answered

Percent of People with Each Score

Your Score History

You have not taken this quiz since the last reset